Materialien zu Kanzelvorträgen über die Sonn- Fest- und Feiertags-Evangelien. Dritter Band. Erstes Stück

Bibliographic Details
Main Author: Rau, Johann Wilhelm, 1745-1807 (Author)
Format: Book
Language:German
PhysicalDescription:1 nečíslovaná strana, 142 strán, 2 nečíslované strany 19 cm
Subjects:

MARC

LEADER 00000nam a2200000 4500
001 vtls011924134
003 SK-MaSNL
005 20260301052942.0
008 251112s1798 gw 0 1n0 ger
015 |a SNBHFA1798 
040 |a SNKHF  |b slo  |c SNKHF  |e rda 
041 0 |a ger 
044 |a gw  |c DE 
072 7 |a 2  |x Náboženstvo  |2 konspekt 
072 7 |a 27-46/-48  |x Pastorálna teológia  |2 konspekt 
080 |a 2-475.5  |2 2011 
080 |a 27-475.5  |2 2011 
100 1 |a Rau, Johann Wilhelm,  |d 1745-1807  |4 aut  |9 362645 
245 1 0 |a Materialien zu Kanzelvorträgen über die Sonn- Fest- und Feiertags-Evangelien.  |n Dritter Band. Erstes Stück  |c Herausgegeben von D. Johann Wilhelm Rau, öffentl. ordentl. Lehrer der Theologie auf der Königl. Preuß. Universität zu Erlangen und Pastor an der altstädter Kirche 
246 3 5 |a Materialien zu Kanzelvorträgen über die Sonn- Fest- und Feiertags-Evangelien.  |n Dritter Band. 
264 3 |a Erlangen  |b bei Johann Jakob Palm  |c 1798 
300 |a 1 nečíslovaná strana, 142 strán, 2 nečíslované strany  |c 19 cm 
336 |a text  |b txt  |2 rdacontent 
337 |a bez média  |b n  |2 rdamedia 
338 |a zväzok  |b nc  |2 rdacarrier 
500 |a Rozložený titulný list 
500 |a Linky, živé záhlavie, zložky, kustody 
501 |a Príväzok 1.: RAU, Johann Wilhelm. Materialien zu Kanzelvorträgen über die Sonn- Fest- und Feiertags-Evangelien. Dritter Band. Zweites Stück. Erlangen: bei Johann Jakob Palm, 1798.  |5 SNK ID 101852/3/ prív.1 
501 |a Príväzok 2.: RAU, Johann Wilhelm. Materialien zu Kanzelvorträgen über die Sonn- Fest- und Feiertags-Evangelien. Dritter Band. Drittes Stück. Erlangen: bei Johann Jakob Palm, 1799.  |5 SNK ID 101852/3/ prív.2 
501 |a Príväzok 3.: RAU, Johann Wilhelm. Materialien zu Kanzelvorträgen über die Sonn- Fest- und Feiertags-Evangelien. Dritter Band. Viertes Stück. Erlangen: bei Johann Jakob Palm, 1799.  |5 SNK ID 101852/3/ prív.3 
504 |a Poznámky pod textom 
504 |a Register 
546 |a Nemčina  |b Fraktúra 
561 |a Z knižnice Učenej spoločnosti malohontskej.  |5 SNK ID 101852/3 
562 |a Na prvom a poslednom liste knižného bloku rukopisné poznámky v nemčine.  |5 SNK ID 101852/3 
563 |a Väzba pevná, papierová.  |5 SNK ID 101852/3 
650 0 7 |a pastorálna teológia  |2 SNKPH  |9 1811 
650 0 7 |a kázne  |2 SNKPH  |9 1954 
700 1 |a Palm, Johann Jakob,  |d 1750-1826  |4 pbl  |9 362646 
710 0 |a Palm, Johann Jakob, (Erlangen, Nemecko),  |d 1780-1826  |4 pbl  |9 362647 
710 2 |a Učená spoločnosť malohontská  |4 fmo  |9 205374 
752 |a Nemecko  |d Erlangen 
852 |a snk  |b Historické fondy  |p ID 101852/3 
958 |a DD 
958 |a ONDV 
999 |c 607014  |d 608944 
952 |t MHC 1417  |a SNK  |b SNK  |c SNK_HF  |y PREZ  |7 0  |p 17A1395093  |o snkID 101852/3  |i snk2020/6544  |8 5  |0 0  |1 0  |4 0  |d 2020-03-13  |l 0  |r 2026-02-23 16:12:18  |w 2026-02-23